A passage to India : (Record no. 225)
[ view plain ]
| 000 -LEADER | |
|---|---|
| fixed length control field | 00908nac a22002771u 4500 |
| 003 - CONTROL NUMBER IDENTIFIER | |
| control field | EG-ScBUE |
| 005 - DATE AND TIME OF LATEST TRANSACTION | |
| control field | 20210315094138.0 |
| 008 - FIXED-LENGTH DATA ELEMENTS--GENERAL INFORMATION | |
| fixed length control field | 080803s2002 le f 000 1 eng d |
| 020 ## - INTERNATIONAL STANDARD BOOK NUMBER | |
| International Standard Book Number | 9953330387 |
| 020 ## - INTERNATIONAL STANDARD BOOK NUMBER | |
| International Standard Book Number | 9789953330389 |
| 040 ## - CATALOGING SOURCE | |
| Original cataloging agency | EG-ScBUE |
| Language of cataloging | eng |
| Description conventions | rda |
| Transcribing agency | EG-ScBUE |
| Modifying agency | EG-ScBUE |
| 082 04 - DEWEY DECIMAL CLASSIFICATION NUMBER | |
| Classification number | 823.912 |
| Item number | FOR |
| Edition number | 22 |
| 100 1# - MAIN ENTRY--PERSONAL NAME | |
| Personal name | Forster, E. M. |
| Fuller form of name | (Edward Morgan), |
| Dates associated with a name | 1879-1970, |
| Relator term | author. |
| 9 (RLIN) | 33351 |
| 245 12 - TITLE STATEMENT | |
| Title | A passage to India : |
| Remainder of title | with an introduction and summaries / |
| Statement of responsibility, etc | E.M. Forster. |
| 264 #1 - PUBLICATION, DISTRIBUTION, ETC. (IMPRINT) | |
| Place of publication, distribution, etc | Beirut : |
| Name of publisher, distributor, etc | York Press, |
| Date of publication, distribution, etc | 2002. |
| 300 ## - PHYSICAL DESCRIPTION | |
| Extent | 367 pages ; |
| Dimensions | 24 cm. |
| 336 ## - CONTENT TYPE | |
| Source | rdacontent |
| Content type term | text |
| Content type code | txt |
| 337 ## - MEDIA TYPE | |
| Source | rdamedia |
| Media type term | unmediated |
| Media type code | n |
| 338 ## - CARRIER TYPE | |
| Source | rdacarrier |
| Carrier type term | volume |
| Carrier type code | nc |
| 490 0# - SERIES STATEMENT | |
| Series statement | York classics |
| 650 #7 - SUBJECT ADDED ENTRY--TOPICAL TERM | |
| Topical term or geographic name as entry element | Race relations |
| Form subdivision | Fiction. |
| Source of heading or term | BUEsh |
| 9 (RLIN) | 33353 |
| 651 #7 - SUBJECT ADDED ENTRY--GEOGRAPHIC NAME | |
| Geographic name | India |
| Form subdivision | Fiction. |
| Source of heading or term | BUEsh |
| 653 ## - INDEX TERM--UNCONTROLLED | |
| Resource For college | Humanities: English |
| Arrived date list | March2021 |
| 655 ## - INDEX TERM--GENRE/FORM | |
| Form subdivision | Reading book |
| 9 (RLIN) | 34232 |
| 942 ## - ADDED ENTRY ELEMENTS (KOHA) | |
| Koha item type | Book - Borrowing |
| Call number prefix | 823FOR |
| Source of classification or shelving scheme | Dewey Decimal Classification |
| Withdrawn status | Lost status | Source of classification or shelving scheme | Damaged status | Not for loan | Collection code | Home library | Current library | Shelving location | Date acquired | Cost, normal purchase price | Total Checkouts | Full call number | Barcode | Date last seen | Cost, replacement price | Price effective from | Koha item type | Date checked out | Total Renewals | Source of acquisition | Public note |
|---|---|---|---|---|---|---|---|---|---|---|---|---|---|---|---|---|---|---|---|---|---|
| Dewey Decimal Classification | Baccah | Central Library | Central Library | Second Floor | 06/02/2016 | 24.00 | 2 | 823.912 FOR | 000004461 | 15/07/2025 | 30.00 | 16/02/2006 | Book - Borrowing | ||||||||
| Dewey Decimal Classification | Baccah | Central Library | Central Library | Second Floor | 16/02/2006 | 24.00 | 1 | 823.912 FOR | 000004323 | 15/07/2025 | 30.00 | 07/03/2006 | Book - Borrowing | 02/03/2022 | |||||||
| Dewey Decimal Classification | Baccah | Central Library | Central Library | Second Floor | 16/02/2006 | 24.00 | 3 | 823.912 FOR | 000004322 | 15/07/2025 | 30.00 | 07/03/2006 | Book - Borrowing | 28/09/2008 | 1 | ||||||
| Dewey Decimal Classification | Baccah | Central Library | Central Library | Second Floor | 16/02/2006 | 24.00 | 1 | 823.912 FOR | 000004321 | 15/07/2025 | 30.00 | 07/03/2006 | Book - Borrowing | 25/11/2009 | |||||||
| Dewey Decimal Classification | Baccah | Central Library | Central Library | Second Floor | 16/02/2006 | 24.00 | 2 | 823.912 FOR | 000004320 | 15/07/2025 | 30.00 | 07/03/2006 | Book - Borrowing | 19/02/2013 | |||||||
| Dewey Decimal Classification | Baccah | Central Library | Central Library | Second Floor | 16/02/2006 | 24.00 | 823.912 FOR | 000013459 | 15/07/2025 | 30.00 | 03/08/2008 | Book - Borrowing | |||||||||
| Dewey Decimal Classification | Baccah | Central Library | Central Library | Second Floor | 08/12/2009 | 24.00 | 823.912 FOR | 000019195 | 15/07/2025 | 30.00 | 08/12/2009 | Book - Borrowing | Donation | Donation |